|
|
|
|
| LEADER |
00000cas a2200000 c 4500 |
| 001 |
16765893X |
| 003 |
DE-627 |
| 005 |
20240902160808.0 |
| 007 |
tu |
| 008 |
941030c19359999xx f| p| 0 |0ger c |
| 016 |
7 |
|
|a 013092391
|2 DE-101
|
| 016 |
7 |
|
|a 557459-6
|2 DE-600
|
| 035 |
|
|
|a (DE-627)16765893X
|
| 035 |
|
|
|a (DE-576)339417935
|
| 035 |
|
|
|a (DE-599)ZDB557459-6
|
| 035 |
|
|
|a (OCoLC)648105035
|
| 040 |
|
|
|a DE-627
|b ger
|c DE-627
|e rakwb
|
| 041 |
|
|
|a ger
|
| 044 |
|
|
|c XA-DXDE
|c XA-DE
|
| 082 |
0 |
4 |
|a 200
|a 220
|a 230
|q DE-101
|
| 082 |
0 |
4 |
|a 230
|q DE-600
|
| 084 |
|
|
|a 11.61
|2 bkl
|
| 110 |
2 |
|
|e VerfasserIn
|0 (DE-588)4633860-3
|0 (DE-627)328504807
|0 (DE-576)214456439
|4 aut
|a Katholisches Bistum der Alt-Katholiken in Deutschland
|
| 245 |
1 |
0 |
|a Amtliches Kirchenblatt des Katholischen Bistums der Alt-Katholiken in Deutschland
|
| 264 |
3 |
1 |
|a Bonn
|b Bischöfliches Ordinariat des Kath. Bistums der Alt-Katholiken in Deutschland
|c 1935-
|
| 336 |
|
|
|a Text
|b txt
|2 rdacontent
|
| 337 |
|
|
|a ohne Hilfsmittel zu benutzen
|b n
|2 rdamedia
|
| 338 |
|
|
|a Band
|b nc
|2 rdacarrier
|
| 362 |
0 |
|
|a 8.1935/39; 9.1940/44; 10.1947/53 - 12.1961/65; 1966 - 2003,1; 2003,2 - 2009 = N.F. Nr. 16-26; [3.F.] 10.2010=Nr. 1 -
|
| 363 |
0 |
1 |
|a 8
|b 2
|i 1935
|
| 363 |
1 |
0 |
|i 1944
|a 9
|b 1
|
| 515 |
|
|
|a 1998,2, 2005,2, 2006,2 u.2008,2 nicht ersch.; 2009,2=N.F. Nr. 26 fälschlich als Nr. 25 bez.
|
| 583 |
1 |
|
|a Archivierung/Langzeitarchivierung gewährleistet
|c 2020
|f PENW
|2 pdager
|5 DE-5
|
| 601 |
|
|
|a Deutschland
|
| 655 |
|
7 |
|a Zeitschrift
|0 (DE-588)4067488-5
|0 (DE-627)10454466X
|0 (DE-576)20917000X
|2 gnd-content
|
| 689 |
0 |
0 |
|d s
|0 (DE-588)4001531-2
|0 (DE-627)106396765
|0 (DE-576)20884323X
|2 gnd
|a Alt-katholische Kirche
|
| 689 |
0 |
1 |
|d s
|0 (DE-588)4030027-4
|0 (DE-627)106272047
|0 (DE-576)20898528X
|2 gnd
|a Katholizismus
|
| 689 |
0 |
2 |
|d s
|0 (DE-588)4059758-1
|0 (DE-627)104131446
|0 (DE-576)209132159
|2 gnd
|a Theologie
|
| 689 |
0 |
3 |
|d s
|0 (DE-588)4174997-2
|0 (DE-627)105367788
|0 (DE-576)209960655
|2 gnd
|a Polemik
|
| 689 |
0 |
|
|5 (DE-627)
|
| 780 |
0 |
0 |
|i Vorg.
|t Amtliches altkatholisches Kirchenblatt
|d Bonn : Bischöfliche Kanzlei, 1878
|w (DE-627)167559249
|w (DE-600)544602-8
|w (DE-576)015786331
|k Non-Electronic
|
| 935 |
|
|
|a mteo
|
| 936 |
b |
k |
|a 11.61
|j Dogmatik
|j Konfessionskunde
|q ARK
|0 (DE-627)106403850
|
| 951 |
|
|
|a JT
|
| ELC |
|
|
|b 1
|
| ORI |
|
|
|a SA-MARC-ixtheo_oa001.raw
|
| REL |
|
|
|a 1
|
| STA |
0 |
0 |
|a Catholicism,Catholicism,Old Catholic Church,Polemics,Theology,Theology
|
| STB |
0 |
0 |
|a Catholicisme,Catholicisme,Polémique,Théologie,Théologie,Église vieille-catholique
|
| STC |
0 |
0 |
|a Catolicismo,Catolicismo,Iglesia Veterocatólica,Polémica,Teología,Teología
|
| STD |
0 |
0 |
|a Cattolicesimo,Cattolicesimo,Chiesa veterocattolica,Vecchia chiesa cattolica,Vecchia chiesa cattolica,Polemica,Teologia,Teologia
|
| STE |
0 |
0 |
|a 天主教,天主教,罗马公教,罗马公教,旧天主教会,古天主教会,老天主教会,神学家,论战,反调
|
| STF |
0 |
0 |
|a 天主教,天主教,羅馬公教,羅馬公教,神學家,舊天主教會,古天主教會,老天主教會,論戰,反調
|
| STG |
0 |
0 |
|a Catolicismo,Catolicismo,Igreja Veterocatólica,Polêmica,Teologia,Teologia
|
| STH |
0 |
0 |
|a Богословие (мотив),Богословие,Католицизм (мотив),Католицизм,Полемика,Старокатолическая церковь
|
| STI |
0 |
0 |
|a Θεολογία (μοτίβο),Θεολογία,Καθολικισμός (μοτίβο),Καθολικισμός,Παλαιοκαθολική Εκκλησία,Πολεμική
|
| SUB |
|
|
|a REL
|
| SYG |
0 |
0 |
|a Altkatholische Kirche,Altkatholiken , Katholiken , Christliche Theologie
|
| TIM |
|
|
|a 100018710101_100020261231
|b Alt-katholische Kirche 1871-
|